Państwo z kolorem żółtym na fladze - Statystyki

Ogólne statystyki
  • Ten quiz został rozwiązany 20 razy
  • Średni wynik to 4 z 9
Statystyki odpowiedzi
Hint Odpowiedź % Poprawnych
2. Hiszpania
78%
5. Belgia
67%
3. Litwa
61%
6. Niemcy
61%
4. Rumunia
61%
1. Brazylia
44%
8. Macedonia
33%
7. Mołdawia
33%
9. Armenia
6%
Nie znaleziono quizów pasujących do podanych kryteriów
Rozkład punktacji
Procent ludzi z każdym wynikiem
Percentyl według liczby udzielonych odpowiedzi
Twoja historia wyników
Nie rozwiązałeś tego quizu